00674 2200241 4500001002100000005001500021035002000036007000300056008004100059020002200100082001400122084002000136100001900156245009600175260004500271300003100316500001100347650001500358700002300373990001200396990001200408990001200420INLIS00000000000617920201022023406 a0010-1020000089ta201022 g 0 ind  a978-979-2263-19-0 a641.865 1 a641.865 1 RIN c0 aRINTO, Habsari1 aCookies Fans :bBekukan Sekarang Panggang Nanti /cRinto Habsari; editor, Intarina Hardiman aJakarta :bGramedia Pustaka Utama,c2010 a51 hlm. :bilus. ;c21 cm. aIndeks 4aKUE KERING0 aINTARINA, Hardiman a13001 A a13001 B a13.001c